000 00744 a2200193 4500
020 _a0198568207
020 _a9780198568209
082 0 4 _a512.7
090 _c1369
_d1369
100 1 _aAlfonsin, Jorge L. Ramirez.
245 1 4 _aThe diophantine frobenius problem /
_cJorge L. Ramirez Alfonsin.
260 _a[S.l.] :
_bOxford University Press, USA,
_c2006.
300 _a260 p. ;
_c24 cm.
490 1 _aOxford lecture series in mathematics and its applications.
700 _aAlfonsin, Jorge L. Ramirez.
830 0 _aOxford lecture series in mathematics and its applications.
942 _aSNS
_cBK
_k512.7 ALF
999 _c29981
_d29981